| 000 | 00747nam2a22002171 4500 | ||
|---|---|---|---|
| 001 | RU\NLR\A1SV\100965 | ||
| 005 | 20251203152403.2 | ||
| 035 | _a(NLR Aleph) 009782318 | ||
| 090 |
_a13485714 _c13485714 |
||
| 100 | _a20100208d1926 u y0rusy50 ca | ||
| 101 | 0 | _arus | |
| 200 | 0 | _aВып.4 | |
| 210 | _d1926 | ||
| 215 | _a7 с. | ||
| 461 | 1 |
_1001RU\NLR\A1SV\100962 _12000#$aПроекты стандартов$eМеталл$fПромстандарт ВСНХ СССР$vВып.4 _910100782 _c[М.] _d1926-1927 _fПромстандарт ВСНХ СССР _nЦУП ВСНХ _oМеталл _tПроекты стандартов _vВып.4 |
|
| 801 | 0 |
_aRU _bNLR _c20100208 |
|
| 852 |
_aNLR _j63/618 |
||
| 942 | _cBOOK | ||
| 980 | _aA1SV | ||
| 980 | _aNB | ||